How I Met Your Mother Characters Quiz - Statistics

General Stats
  • This quiz has been taken 74 times
  • The average score is 23 of 36
Answer Stats
Hint Answer % Correct
Father Ted Mosby
97%
Who left ted at the alltar Stella
92%
Best Friend Lily Aldrin
90%
Marshall's Dad Marvin
89%
Marshall and Lily's Kid #1 Marvin
89%
Barney's Brother James
87%
Best Friend Barney Stinson
86%
Best Friend Marshall Eriksen
86%
Taxi Driver Ranjit
86%
Baker Girlfriend Victoria
84%
Best Friend Robin Scherbatsky
81%
Talkative Friend of Robin and works with her Patrice
78%
McLarens Waitress Wendy
78%
Loves the Arcadian Hotel Zoey
76%
Robin's Co-Host Sandy Rivers
73%
Lily's Doppelgangers Stripper
73%
Robin's Doppelgangers Lesbian
70%
Barney's Mum Loretta
70%
Ted's College Girlfriend Karen
68%
She and Barney got married to Quinn
67%
Ex - Girlfriend of Barney and Works with Robin Nora
63%
Ted's Doppelgangers Wrestler
63%
Barney's Doppelgangers Doctor
60%
Son Luke Mosby
57%
Ted's Mum Virginia
56%
Marshall and Lily's Kid #2 Daisy
54%
Mother Tracy McConnell
54%
Daughter Penny Mosby
51%
Crazy Ex-Girlfriend of Ted Jeanette
49%
Marshall's Mum Judy
48%
He and Robin almost got married to Kevin
48%
Marshall's Doppelgangers Moustache
40%
Robin's Dad Robin Scherbatsky Sr
27%
Barney's Doppelgangers Cab Driver
25%
Ted's Dad Alfred
22%
Barney's Dopplegangers Pretzel Vendor
6%
No matching quizzes found
Score Distribution
Percent of People with Each Score
Percentile by Number Answered
Your Score History
You have not taken this quiz